Current Research in Egyptology 2024

محفوظ في:

مؤلفون آخرون: Rogers, John (المحرر), Bishop-Allen, Catherine (المحرر), Bohun, Henry (المحرر), Hutchinson-Wong, Reuben G. (المحرر), Sartori, Marina (المحرر)

التنسيق: كتاب

منشور في: Oxford Archaeopress Publishing Ltd 2025

الوسوم: إضافة وسم

لا توجد وسوم, كن أول من يضع وسما على هذه التسجيلة!

رقم الطلب:

LEADER 00834namaa2200217 4500
001 9781805831136
003 UkOxAP
005 20260405155018.0
020 |a 9781805831143 
776 1 |x 9781805831136 
245 0 0 |a Current Research in Egyptology 2024 
100 1 |a Rogers, John  |e Editor  |l English 
700 1 |a Bishop-Allen, Catherine  |e Editor  |l English 
700 1 |a Bohun, Henry  |e Editor  |l English 
700 1 |a Hutchinson-Wong, Reuben G.  |e Editor  |l English 
700 1 |a Sartori, Marina  |e Editor  |l English 
856 4 2 |a http://library.arce.org:8087/Archaeopress/Products/9781805831143 
260 |a Oxford  |b Archaeopress Publishing Ltd  |c 2025 
270 |a Archaeopress Publishing Ltd, Summertown Pavillion, 18 -24 Middle Way, Summertown  |b Oxford  |d United Kingdom  |e OX2 7LG  |k 44-1865-311914  |m info@archaeopress.com 
942 |2 lcc  |c EBOOK 
999 |c 62126  |d 62126